| 000 -LEADER |
| fixed length control field |
02227 a2200229 4500 |
| 003 - CONTROL NUMBER IDENTIFIER |
| control field |
OSt |
| 005 - DATE AND TIME OF LATEST TRANSACTION |
| control field |
20180116182855.0 |
| 008 - FIXED-LENGTH DATA ELEMENTS--GENERAL INFORMATION |
| fixed length control field |
160426b xxu||||| |||| 00| 0 eng d |
| 020 ## - INTERNATIONAL STANDARD BOOK NUMBER |
| International Standard Book Number |
0787981184 (hardcover) |
| 020 ## - INTERNATIONAL STANDARD BOOK NUMBER |
| International Standard Book Number |
9780787981181 (hardcover) |
| 040 ## - CATALOGING SOURCE |
| Transcribing agency |
0 |
| 082 04 - DEWEY DECIMAL CLASSIFICATION NUMBER |
| Classification number |
658.406 |
| 100 ## - MAIN ENTRY--PERSONAL NAME |
| Personal name |
Bradford, David L. |
| 245 10 - TITLE STATEMENT |
| Title |
Reinventing organization development / |
| Statement of responsibility, etc. |
David L. Bradford, W. Warner Burke. |
| 260 ## - PUBLICATION, DISTRIBUTION, ETC. |
| Place of publication, distribution, etc. |
[S.l.] : |
| Name of publisher, distributor, etc. |
Pfeiffer, |
| Date of publication, distribution, etc. |
2005. |
| 300 ## - PHYSICAL DESCRIPTION |
| Extent |
256 p. ; |
| Dimensions |
24 cm. |
| 520 ## - SUMMARY, ETC. |
| Summary, etc. |
Praise for Reinventing Organization Development "A hard hitting yet hopeful look at a field concerned with renewal that is in need of renewal itself. This book is full of intelligent questions, provocative appraisals, and prescriptions for action that they serve." -Rosabeth Moss Kanter, chaired professor, Harvard Business School; author, Confidence: How?Winning Streaks and Losing Streaks Begin and End "Wise, invaluable advice that the field and its practitioners should heed if the field of OD is to take its rightful place as an applied behavioral science that can make a difference in the economic and human affairs of organizations." -Michael Beer, professor emeritus, Harvard Business School; chairman, Center for Organizational Fitness "Few disciplines in decline have subjected themselves to so profound a self-evaluation. It should lead ?to a rejuvenation of the field. Whether or not it does, there is a great deal to learn here about organizations and relevant professional practice." -Russell Ackoff, professor emeritus, Wharton School, University of Pennsylvania "Two of the leaders of the field of OD have collaborated to present us with a compelling and controversial state of the art." -Len Schlesinger, vice chairman and chief operating officer, Limited Brands "The book challenges OD consultants to think broadly about their organizational roles and to assert their rightful place in organizations." -Jean M. Bartunek, Robert A. and Evelyn J. Ferris Chair Professor of Organization Studies, Boston College. |
| 700 1# - ADDED ENTRY--PERSONAL NAME |
| Personal name |
Bradford, David L. |
| 700 1# - ADDED ENTRY--PERSONAL NAME |
| Personal name |
Burke, W. Warner. |
| 856 40 - ELECTRONIC LOCATION AND ACCESS |
| Materials specified |
Amazon.com |
| Uniform Resource Identifier |
<a href="http://www.amazon.com/exec/obidos/ASIN/0787981184/chopaconline-20">http://www.amazon.com/exec/obidos/ASIN/0787981184/chopaconline-20</a> |
| 942 ## - ADDED ENTRY ELEMENTS (KOHA) |
| Institution code [OBSOLETE] |
NBS |
| Koha item type |
Book |
| Call number prefix |
658.4 BRA |
| Source of classification or shelving scheme |
|